00511nam a2200145Ia 4500008004100000020001800041041000800059082001600067100001800083245015100101250000600252260006100258300001300319650003300332210716s2008 xx 000 0 und d a9780070264960 aeng a004.62 FEIS aFeit, Sidnie. aTCP/IP: architecture protocols and implementation with ipv6 and ip security.bArchitecture protocols and implementation with ipv6 and ip security. a2 aNew DelhibTata McGraw Hill Publishing Company Ltdc2008 axxix,577 aInternet,Working With TCP/IP